Obálka Náhled e-knihy:
PDF Epub
Pro půjčování e-knih musíte být přihlášeni.
Jak si půjčit online?

Arila. Pád temnoty /

Čtvrtý díl fantasy románu o věčně putujícím národu.

Uloženo v:
Série:Arila, část 4
Hlavní autor: Starý, Radek, 1992- (Autor)
Médium: E-kniha
Jazyk:Czech
Vydáno: V Praze : CooBoo, 2023
Vydání:1. vydání
Témata:
Příbuzné jednotky:Z cyklu:: Arila
Tagy:
Žádné tagy
LEADER 02167nam a2200433 i 4500
001 312186
003 CZ PrSKC
005 20260601215718.0
007 ta
008 231122s2023 xr a g 000 f cze
015 |a cnb003575159 
020 |a 9788076618732  |q (brožováno) :  |c Kč 399,00 
035 |a (OCoLC)1420608359 
040 |a ABG001  |b cze  |d ABA001  |e rda 
072 7 |a 821.162.3-3  |x Česká próza  |2 Konspekt 
080 |a 821.162.3-31  |2 MRF 
080 |a (0:82-312.9)  |2 MRF 
100 1 |a Starý, Radek,  |d 1992-  |7 xx0261079  |4 aut 
245 1 0 |a Arila.  |p Pád temnoty /  |c Radek "Sterakdary" Starý 
246 3 0 |a Pád temnoty 
250 |a 1. vydání 
264 1 |a V Praze :  |b CooBoo,  |c 2023 
300 |a 309 stran :  |b ilustrace ;  |c 20 cm 
336 |a text  |b txt  |2 rdacontent 
337 |a bez média  |b n  |2 rdamedia 
338 |a svazek  |b nc  |2 rdacarrier 
520 2 |a Čtvrtý díl fantasy románu o věčně putujícím národu.  |b Vítězství v Citadele získalo všem drahocenný čas, během nějž se svět Aldonolu připravoval na příchod nevyhnutelného. Ale vypůjčený čas vypršel. Temnota z oblohy padla na lidský svět a bohové jdou do války. Arila si konečně přizná skutečný rozsah svých sil a zjistí, jestli je za ně připravena zaplatit krutou cenu. Sestoupí přízraky z nebes, nebo se pád temnoty ponese ve znamení jejich porážky? Nakladatelská anotace. 
546 |a Český text 
655 7 |a české romány  |7 fd133974  |2 czenas 
655 7 |a fantasy romány  |7 fd184199  |2 czenas 
655 9 |a Czech fiction  |2 eczenas 
655 9 |a fantasy novels  |2 eczenas 
787 0 8 |i Z cyklu:  |t Arila  |g 4 
900 |a ABA001  |b 20 
928 9 |a Albatros Media - CooBoo 
044 |a xr 
910 |a RBIT002 
998 |d 391247  |a https://core.palmknihy.cz/api/books/391247/cover?s3wfi5  |b https://core.palmknihy.cz/api/books/391247/cover/400?s3wfi5  |c https://core.palmknihy.cz/api/books/391247/cover/50?s3wfi5  |e 2033-12-31  |g 312  |i 9788076618732  |j https://core.palmknihy.cz/api/books/391247/preview.epub  |k https://core.palmknihy.cz/api/books/391247/preview.pdf  |l   |q 49  |r 1  |s https://www.palmknihy.cz/kniha/391247  |t ebook  |y 2023  |z 0  |v Arila  |w 4 
999 |d 312184